Estadísticas para Jugadores con más partidos en el Rayo Vallecano de Madrid

Haz click aquí para intentar la prueba.

Estadísticas generales

  • Esta prueba ha sido intentada 15 veces
  • La puntuación promedio es 3 de 10

Estadísticas de respuestas

PartidosNacionaliadJugador% Correcto
315EspañaMíchel
71%
288ArgentinaÓscar Trejo
57%
224EspañaÁlvaro García
43%
223EspañaPiti
36%
219EspañaRoberto Trashorras
36%
240EspañaTito
14%
234EspañaÁngel Luis Alcázar
7%
245EspañaJesús Cota
7%
219EspañaSanti Comesaña
7%
196EspañaAdrián Embarba
0%

Distribución de puntuación

Porcentaje por número respondido

Porcentaje de gente con cada puntuación

Historial de tus puntuaciones

No has intentado esta prueba.